| 000 | 00512nam a2200157Ia 4500 | ||
|---|---|---|---|
| 003 | 0 | ||
| 005 | 20250203113858.0 | ||
| 008 | 140724s9999 xx 000 0 und d | ||
| 050 |
_aHF 5415.2 _b.Sa118 2013 |
||
| 100 | _aSabuquia Jr, Danilo B. | ||
| 245 |
_aSnob Limited Clothing Online Shop : _bIn a boutique / _cDanilo B. Sabuquia Jr. |
||
| 260 |
_aLas PiƱas, Philippines : _bSouthville International School and Colleges, _c c2013 |
||
| 300 |
_a75 p. : _bcol. ill. ; _c28 cm. |
||
| 942 |
_cTH _2lcc |
||
| 999 |
_c229216 _d229216 |
||